| Tag |
First Indicator |
Second Indicator |
Subfields |
| LEADER |
00000cas a2200000Ii 4500 |
| 001 |
in00003908430 |
| 005 |
20211202191801.0 |
| 006 |
m o d f |
| 007 |
cr bn||||||||| |
| 008 |
170918c20029999dcu x o f0 0eng d |
| 035 |
|
|
|a (OCoLC)on1004239530
|
| 040 |
|
|
|a GPO
|b eng
|e rda
|e pn
|c GPO
|d GPO
|d MvI
|d UtOrBLW
|
| 043 |
|
|
|a n-us---
|
| 049 |
|
|
|a WWW
|
| 074 |
|
|
|a 0306 (online)
|
| 086 |
0 |
|
|a D 1.2:T 61/
|
| 245 |
0 |
0 |
|a DAU program managers tool kit.
|
| 246 |
3 |
|
|a Defense Acquisition University program managers tool kit
|
| 264 |
|
1 |
|a [Washington, D.C.] :
|b Defense Acquisition University,
|c 2002-
|
| 300 |
|
|
|a 1 online resource (volumes)
|
| 310 |
|
|
|a Irregular
|
| 336 |
|
|
|a text
|b txt
|2 rdacontent
|
| 337 |
|
|
|a computer
|b c
|2 rdamedia
|
| 338 |
|
|
|a online resource
|b cr
|2 rdacarrier
|
| 362 |
0 |
|
|a 11th ed. (Apr. 2002)-.
|
| 538 |
|
|
|a Mode of access: Internet from the DAU web site. Address foremerly available as of 6/4/09: http://www.dau.mil/pubs/misc/ToolKit%5FEd14%5FVers1%5Frevised%5F5%5F05.pdf; current access is available via PURL.
|
| 588 |
|
|
|a Description based on: 11th ed. (April 2002); title from PDF title page (viewed Sept. 18, 2017).
|
| 588 |
|
|
|a Latest issue consulted: 15th ed. (April 2009) (viewed Sept. 18, 2017).
|
| 651 |
|
0 |
|a United States
|x Armed Forces
|x Procurement.
|0 http://id.loc.gov/authorities/subjects/sh85139879
|
| 651 |
|
0 |
|a United States
|x Armed Forces
|x Procurement
|x Management.
|
| 710 |
2 |
|
|a Defense Acquisition University (U.S.),
|e issuing body.
|0 http://id.loc.gov/authorities/names/no93035937
|
| 776 |
0 |
8 |
|i Print version:
|t DAU program managers tool kit
|w (DLC) 2010238564
|w (OCoLC)50871186
|
| 780 |
0 |
0 |
|t DSMC program managers tool kit
|w (OCoLC)760049378
|
| 856 |
4 |
0 |
|u https://purl.fdlp.gov/GPO/LPS113429
|t 0
|
| 999 |
f |
f |
|s 58bdb2bc-63d0-3b03-a58f-647be8160056
|i 810837fe-6ff1-3d59-8eaf-2267d2e76de0
|t 0
|
| 952 |
f |
f |
|a Texas A&M University
|b College Station
|c Electronic Resources
|d Available Online
|t 0
|e D 1.2:T 61/
|h Superintendent of Documents classification
|
| 998 |
f |
f |
|a D 1.2:T 61/
|t 0
|l Available Online
|